• 首页
  • 本馆介绍
  • 公告通知
  • 最新文献
  • 馆藏检索
  • 电子资源
  • 读者导购
  • 参考咨询
  • 我的图书馆
  • 登录
  • 详细信息显示
  • 放入我的书架
  • 预约/预借图书
  • 作者相关作品
  • 分类相关作品
  • 丛书相关作品
  • 出版社相关作品

书目信息

  • 表格格式
  • 工作单格式
  • 卡片格式
题名:
图画新疆
    
 
作者: 谢怀瑞 摄
分册: 上   谢怀瑞摄影作品集
出版信息: 新疆克孜   克孜勒苏柯尔克孜文出版社  2006
页数: 118页
开本: 22×30cm
丛书名:
单 册:
中图分类: J421.45
科图分类:
主题词: 风光摄影--摄影集--新疆维吾尔自治区
电子资源:
ISBN: 7-5374-0669-3
000 00819nam0 2200253 45
001 012004075026
005 20070807155813.73
009 012004075026
010    @a7-5374-0669-3@b精装@dCNY180.00
035    @a(110120)012006091218
100    @a20060927d2006 em y0chiy0110 ea
101 0  @achi
102    @aCN@b650000
105    @aa z 000yy
106    @ar
200 1  @a图画新疆@Atu hua xin jiang@h上@i谢怀瑞摄影作品集@Ixie huai rui she ying zuo pin ji@f谢怀瑞[摄]@Fxie huai rui [ she ]
210    @a新疆克孜@c克孜勒苏柯尔克孜文出版社@c新疆电子出版社@d2006
215    @a118页@d22×30cm@e1光盘
307    @a附光盘:ISRC CN-H13-06-032-00
606 0  @a风光摄影@x摄影集@y新疆维吾尔自治区
690    @aJ421.45@v4
701  0 @a谢怀瑞@Axie huai rui@4摄
801  0 @aCN@b110120@c20070807
905    @dJ421.45@e225:1@f1
    
    图画新疆.上.谢怀瑞摄影作品集/谢怀瑞[摄].-新疆克孜:克孜勒苏柯尔克孜文出版社:新疆电子出版社,2006
    118页;22×30cm+1光盘
    
    
    ISBN 7-5374-0669-3(精装):CNY180.00
    
●
相关链接 在E读中查询图书 在五车中查询图书 在当当中查询图书 在豆瓣中查询图书


正题名:图画新疆     索取号:J421.45/225:1         预约/预借

序号 登录号 条形码 馆藏地/架位号 状态 备注
1 0854025   208540257   第一样本阅览室/ [索取号:J421.45/225:1] 在馆    
唐山师范学院图书馆 欢迎您!
大连网信软件有限公司© 版权所有